KLA SHIKSHAN (Record no. 19932)

MARC details
000 -LEADER
fixed length control field 00238nam a22001217a 4500
003 - CONTROL NUMBER IDENTIFIER
control field SGT
082 ## - DEWEY DECIMAL CLASSIFICATION NUMBER
Item number KUM
100 ## - MAIN ENTRY--PERSONAL NAME
Personal name KUMAR, MUNESH
245 ## - TITLE STATEMENT
Title KLA SHIKSHAN
260 ## - PUBLICATION, DISTRIBUTION, ETC. (IMPRINT)
Place of publication, distribution, etc DELHI
Name of publisher, distributor, etc INDIAN PUB.
Year of Publication 2008
300 ## - PAGE DESCRIPTION
No. of Pages 224
942 ## - ADDED ENTRY ELEMENTS (KOHA)
Source of classification or shelving scheme Dewey Decimal Classification
Koha item type Books
Holdings
Withdrawn status Lost status Source of classification or shelving scheme Damaged status Not for loan Collection code Home library Current library Shelving location Date acquired Cost, normal purchase price SGTU Bill Number Full call number Accession No. (Barcode) Date last seen Bill Date Koha item type
    Dewey Decimal Classification     EDUCATION SGT Engineering Library SGT Engineering Library Text Book 29/04/2020 200.00 SGTU 101 KUM ED4636 29/04/2020 29/04/2020 Books